| 000 | 00567nam a2200169Ia 4500 | ||
|---|---|---|---|
| 008 | 140321s9999 xx 000 0 und d | ||
| 020 | _a9780071793797 | ||
| 050 |
_aHD 69.P75 _b.C663 2012 |
||
| 100 | _aCooke, Helen S. | ||
| 245 |
_aPerfect phrases for project management : _bhundreds of ready-to-use phrases for delivering results on time and under budget / _cHelen S. Cooke and Karen Tate. |
||
| 260 |
_aNew York : _bMcGraw-Hill, _cc2012. |
||
| 300 |
_a237 p. : _c21 cm. |
||
| 521 | _aBSBA | ||
| 650 | _aProject management. | ||
| 942 |
_kFOR _cBK |
||
| 999 |
_c48196 _d48196 |
||